000 01136nam a2200481Ia 4500
001 56162
003 127145
005 20250911062542.0
008 ||||||n9999 ||| || ||
041 _aspa
100 _aNovoa Parra, María Esther
_977646
245 0 _aAmerica Latina siglo XX
_bde los estados oligarquicos a las nueva democracias
260 _aBogotá :
_bEdiciones Usta,
_c1998.
300 _a269p.
562 _e2
650 0 _aAMÉRICA LATINA
_922
650 0 _aAnálisis político
_92067
650 0 _aCondiciones políticas
_99262
650 0 _aHistoria política
_91134
650 0 _aIdeologías políticas
_92065
650 _aSISTEMAS POLÍTICOS
_977647
942 _cBKM
999 _c56162
_d56162
526 _a
526 _a17598
526 _a102617
526 _a102618
526 _a15794
526 _a102619
526 _a1703
526 _a102620
526 _a10406
526 _a105630
526 _a1698
526 _a116204
526 _a51868
526 _a4969
526 _a19790
526 _a104436
526 _a5144
526 _a1697
526 _a3899
526 _a9683